000 00754nam a2200217 a 4500
005 20210223131643.0
008 080930s1979 mx r 000 0 spa d
035 _aUPN01000183013
049 _aUNE
080 _a37.018.1 =40 SOL No.11
245 0 0 _aFormation des parents :
_bquelques reflexions interessant la programmation de ¨´assistance de l´unicef
260 _aParis :
_bUNESCO;
_aNew York :
_bUNICEF;
_aRome :
_bWFP,
_c1979.
300 _a7 p. ;
_bfot.
440 0 _aNotes, Comments...;
_vN.S. 11
690 _aEducacion de los padres- Desarrollo- Infancia
690 _aDesarrollo- Infancia- Educacion de los padres
710 2 _aUNICEF
_924085
710 2 _aUNESCO
710 2 _aWFP. Programa de Alimentación Mundial
905 _aUNESCO
999 _c155116
_d155116